000 00393nam a2200157Ia 4500
008 151213s9999 xx 000 0 und d
100 _aJ.M.Gholam Rabbani
245 _aCode of Civil Procedure
_cJ.M.Gholam Rabbani
250 _a1st
260 _aDhaka
_bEsrarul Huq Chowdhury
_c2008
300 _a7701 p.
650 _aLaw
650 _aLaw
700 _aJ.M.Gholam Rabbani
999 _c4026
_d4026